000 00472nam a2200193Ia 4500
008 240510s9999 xx 000 0 und d
020 _a0008176356522
041 _aEng
082 _a006.68
082 _bK86
100 _aKURTH S.
245 0 _aILLUSTRATOR 10 : SHOP MANUAL
260 _bNEW DELHI : TECHMEDIA
260 _c2002
300 _a732 p.
650 _aCOMPUTER GRAPHIC PROGRAMS : APPLICATION PACKAGES : ILLUSTRATOR
942 _2ddc
942 _cRBK
999 _c27023
_d27023
945 _a1
_bMadushi Gamage
_c1
_dMadushi Gamage